| 000 | 00669nam a2200253Ia 4500 | ||
|---|---|---|---|
| 003 | OSt | ||
| 005 | 20220918222955.0 | ||
| 006 | a|||||r|||| 00| 0 | ||
| 007 | ta | ||
| 008 | 220917b |||||||| |||| 00| 0 eng d | ||
| 024 | _a219,694 | ||
| 037 | _cTextual | ||
| 040 |
_aARTS _cARTS _beng |
||
| 041 |
_2eng _aeng |
||
| 082 | _aV688:23p, K2-;K3 | ||
| 110 |
_aEastern Nigeria _9144524 |
||
| 245 | 0 | _aParliamentary Debates Eastern House of Assembly1962-63 Offical Report. | |
| 260 | _c1963 | ||
| 300 |
_a647p. _ccm. |
||
| 650 | _aHISTORY | ||
| 700 |
_aEastern Nigeria _9144525 |
||
| 942 |
_hV688:23p, K2-;K3 _cTEXL _2CC |
||
| 999 |
_c277010 _d277010 |
||